000 00469cam a22001577a 4500
008 180718b2007 xxu||||| |||| 00| 0 eng d
020 _a0749451688
082 _aT34 F659
100 _aFloor, Ko
245 _aBranding a store: how to build successful retail brands in a changing marketplace
_cby Ko Floor
260 _aLondon
_bKogan Page
_c2007
300 _a360p.
650 _aRetail trade.
650 _aBranding (Marketing)
650 _aHouse brands --Marketing
999 _c407396
_d407396